Josas - Pichichi (Paroles) - Statistiques

Statistiques générales
  • Ce quiz a été pris 11 fois
  • Le résultat moyen est 296 sur 517
Statistiques - réponses
Couplets Paroles % Correct
à
100%
a
100%
C'
100%
c'
100%
Chichi
100%
m'
100%
appelle
89%
ces
89%
C'est
89%
c'est
89%
d'
89%
de
89%
des
89%
elle
89%
Elle
89%
fait
89%
j'
89%
J'
89%
l'
89%
le
89%
ma
89%
Ma
89%
Me
89%
me
89%
Intro : | Refrain 1 : | Refrain 2 : Moi
89%
moi
89%
s'
89%
S'
89%
t'
89%
bonbon
78%
chichis
78%
comme
78%
Fraîche
78%
manières
78%
Pichichi
78%
pichichi
78%
qu'
78%
un
78%
une
78%
bien
67%
est
67%
fais
67%
fille
67%
Kalash
67%
la
67%
La
67%
pas
67%
quand
67%
Quand
67%
qui
67%
te
67%
y
67%
Y
67%
ai
56%
Ça
56%
chocolat
56%
coller
56%
couleur
56%
doré
56%
on
56%
Va
56%
Vichy
56%
aime
44%
brille
44%
chicorée
44%
chromée
44%
décorer
44%
dire
44%
Faut
44%
Ils
44%
ils
44%
Latino
44%
les
44%
marron
44%
pour
44%
Pour
44%
promet
44%
que
44%
sous
44%
Sous
44%
suis
44%
tah
44%
tenir
44%
tous
44%
tout
44%
vend
44%
Voiture
44%
avec
33%
dans
33%
Et
33%
famille
33%
font
33%
Kalashnikov
33%
leur
33%
madre
33%
maquille
33%
mia
33%
nia
33%
peau
33%
Rodri
33%
Touche
33%
vie
33%
volée
33%
zone
33%
affaires
22%
bitchies
22%
chu
22%
crois
22%
Dieu
22%
douces
22%
jaloux
22%
j'suis
22%
lèvres
22%
lui
22%
parle
22%
sans
22%
ses
22%
toujours
22%
attendent
11%
bâche
11%
baisse
11%
balafré
11%
boulot
11%
Carlos
11%
chourave
11%
chute
11%
Cœur
11%
côtoie
11%
dessert
11%
dis-leur
11%
dit
11%
empêche
11%
en
11%
faire
11%
fera
11%
foi
11%
frère
11%
gentillesse
11%
pêche
11%
poches
11%
pommé
11%
rabâchent
11%
reproches
11%
Tévez
11%
toi
11%
vago
11%
vois
11%
abusent
0%
accueil
0%
Apache
0%
attacher
0%
au
0%
Au
0%
bas
0%
beige
0%
blech
0%
celui
0%
centre
0%
changé
0%
devant
0%
d'la
0%
du
0%
évite
0%
gens
0%
ici
0%
j'ai
0%
j'crois
0%
mais
0%
mieux
0%
mon
0%
nécessaire
0%
nous
0%
parce
0%
Performante
0%
pét'
0%
presse
0%
preuve
0%
pure
0%
rester
0%
richesse
0%
rien
0%
roulais
0%
rue
0%
Sauf
0%
seul
0%
squattais
0%
tenu
0%
ton
0%
tourne
0%
toute
0%
tristesse
0%
tu
0%
viens
0%
vitesse
0%
volant
0%
Aucun quiz correspondant
Distribution des résultats
% des personnes avec chaque résultat
Percentile par nombre de réponses
Votre historique - résultats
Vous n’avez pas pris ce quiz